Statistiques concernant épreuves Fort boyard 2021

Cliquez ici pour prendre le quiz!

Statistiques générales

  • Ce quiz a été pris 112 fois
  • Le résultat moyen est 14 sur 53

Statistiques - réponses

Réponse% Correct
Cabine abandonnée
56%
Caserne
53%
Ketchuperie
53%
Lutte
51%
Casino
45%
Banque
43%
Laverie
43%
Zoo
42%
Araignée
41%
Slaïme
41%
Train fantôme
40%
Spa
38%
Maison de poupées
36%
Muséum
35%
Garage
34%
Le monde à l'envers
34%
Surf
33%
Tête chercheuse
32%
Bibliothèque abandonnée
31%
La banque
31%
Le métro
31%
Cloche
30%
Hôtel
29%
Manoir
29%
Vélo
29%
Cabine éjectable
27%
Roi du silence
26%
Croco World
24%
Balance
23%
Chambre froide
23%
Temple maudit
23%
Bingo'ssbo
22%
Magik
21%
Catapulte infernale
20%
Safari
20%
Cabane du trappeur
19%
Mégagaf'
19%
Momie
18%
Cabine Vertigineuse
16%
Chaise instable
16%
Chez tata Fouras
16%
Prison sou
15%
Turbo basket
15%
La cabane du trappeur
12%
Téléphérisque
10%
Double saut de l'ange
9%
Coton tige aériens
7%
Poutre jet d'eau
7%
Cachot abandonné
5%
Bureau d'Etudes des Epreuves du Fort
2%
cerceau
1%
Rodéo sous-marine
1%
Parcours d'Evasion
0%

Distribution des résultats

Percentile par nombre de réponses

% des personnes avec chaque résultat

Votre développement - résultats

Vous n’avez pas pris ce quiz